Music Quiz

Random Music or The Beatles Quiz

Mis-Matched Beatles Quiz Stats

 Plays Quiz Updated Jul 21, 2016

Challenge
Share
Tweet
Score 0/30 Timer 06:00
2 Plays Today
% Correct
Eleanor Lane
97%
Glass Submarine
95.3%
Lucy in the Sky with Rita
94.4%
The Ballad of John and Madonna
91.8%
I Want to Hold Your Face
90.5%
The Fool on the Sun
90.1%
Let It Down
89.9%
Across the Road
89.8%
Get Friends
89.6%
I'll Follow the Writer
88.8%
I Wanna Be Your Walrus
87.9%
Got to Get You into My Car
87.1%
A Taste of Love
86.9%
All My Prudence
86.7%
Octopus's Shoe
83.9%
% Correct
Happiness Is a Warm Hammer
81.5%
Carry That Secret?
78.7%
Good Day Dear
77.3%
I'm Only You
75%
I'm So Fine
72.8%
You're Going to Lose That Bill
70.5%
Fixing a Road
70.4%
You Won't See Sadie
69.7%
Everybody's Got Something to Hide Except Me and My Kite!
69.4%
And Your Bird Can Know
68.5%
Baby, You're a Rich Loser
67.3%
Wild Honey Mustard
65.7%
I'm Happy Just to Dance with Her
64.4%
It's Only Life
60.4%
You Never Give Me Your Love
60.1%

You're not logged in!

Compare scores with friends on all Sporcle quizzes.
OR
Log In

You Might Also Like...

Show Comments

Extras

Top Quizzes Today


Score Distribution

Your Account Isn't Verified!

In order to create a playlist on Sporcle, you need to verify the email address you used during registration. Go to your Sporcle Settings to finish the process.

Report this User

Report this user for behavior that violates our Community Guidelines.

Details: